|
|
|
|
| LEADER |
01327nam a2200265 u 4500 |
| 001 |
10114706 |
| 003 |
upatras |
| 005 |
20240920130347.0 |
| 008 |
141223s2012 gr gre |
| 020 |
|
|
|a 9789600115284
|
| 040 |
|
|
|a GR-PaULI
|b gre
|c GR-PaULI
|e AACR2
|
| 041 |
0 |
|
|a gre
|
| 082 |
0 |
4 |
|2 23
|a 344.495
|
| 100 |
1 |
|
|a Κουταλάκης, Χαράλαμπος
|e συγγραφέας
|9 142043
|
| 245 |
1 |
0 |
|a Γιατί δεν εφαρμόζονται οι νόμοι; :
|b θεωρία και πρακτική της περιβαλλοντικής συμμόρφωσης στην Ελλάδα /
|c Χαράλαμπος Κουταλάκης.
|
| 260 |
|
|
|a Αθήνα :
|b Gutenberg,
|c 2012.
|
| 300 |
|
|
|a 364 σ. :
|b πίν. ;
|c 24 εκ.
|
| 504 |
|
|
|a Περιέχει βιβλιογραφικές παραπομπές.
|
| 650 |
|
4 |
|a Περιβαλλοντικό δίκαιο
|z Ελλάδα
|9 9864
|
| 650 |
|
4 |
|a Περιβάλλον
|x Προστασία
|x Δίκαιο και νομοθεσία
|9 86525
|
| 852 |
|
|
|a GR-PaULI
|b ΠΑΤΡΑ
|b ΠΤΔΕ
|k ΑΣΧΕ
|h 344.495 ΚΟΥ
|m 11462
|p 025000211237
|t 1
|
| 942 |
|
|
|2 ddc
|c BK15
|
| 952 |
|
|
|0 0
|1 0
|4 0
|6 344_495000000000000_ΚΟΥ
|7 0
|9 172276
|a PTDE
|b PTDE
|d 2016-04-24
|i 11462
|l 0
|o 344.495 ΚΟΥ
|p 025000211237
|r 2016-04-24 00:00:00
|t 1
|w 2016-04-24
|y BK15
|
| 998 |
|
|
|c ΤΣΕΝΕ
|d 2014-12
|
| 999 |
|
|
|c 107856
|d 107856
|